000 01460pam a22004214a 4500
001 6227635
003 ARRUPE
005 20150429020006.0
008 061013s2007 enk b 001 0 eng
010 _a 2006034099
015 _aGBA704726
_2bnb
016 7 _a013645706
_2Uk
020 _a9780826489241
020 _a0826489249
020 _a0826489257 (pbk.)
020 _a9780826489258 (pbk.)
029 1 _aYDXCP
_b2499340
029 1 _aYDXCP
_b2499341
035 _a(OCoLC)OCM74029233
035 _a(OCoLC)74029233
035 _a(NNC)6227635
040 _aDLC
_cDLC
_dBAKER
_dUKM
_dBTCTA
_dYDXCP
_dC#P
050 0 0 _aB3317
_b.H5355 2007
082 0 0 _a193
_222
100 1 _aHill, R. Kevin.
_911181
245 1 0 _aNietzsche :
_ba guide for the perplexed /
_cR. Kevin Hill.
260 _aLondon ;
_aNew York :
_bContinuum,
_cc2007.
300 _ax, 204 p. ;
_c22 cm.
490 1 _aGuides for the perplexed
504 _aIncludes bibliographical references (p. 195-199) and index.
505 0 _aNietzsche's writings -- Nihilism, will to power, and value -- Perspectivism -- Critique of morality -- Heidegger's Nietzsche -- A different Nietzsche.
600 1 0 _aNietzsche, Friedrich Wilhelm,
_d1844-1900.
_911182
830 0 _aGuides for the perplexed.
_911161
856 4 1 _3Table of contents only
_uhttp://www.loc.gov/catdir/toc/ecip073/2006034099.html
942 _2lcc
_cMONOGRAPH
_07
948 1 _a20070713
_bc
_cdc21
_dMPS
999 _c120811
_d120811